000
00204nam a22000857a 4500
008
170130b xxu||||| |||| 00| 0 eng d
100
_9
2681
_a
Chrismer.M
245
_a
Multiply This
260
_a
New York
_b
SClastic
999
_c
5836
_d
5836